MARC

LEADER 00000nam0a2200000 4500
001 267624
005 20231101234108.0
035 |a (RuTPU)RU\TPU\book\290681 
090 |a 267624 
100 |a 20140731d1986 k y0rusy5003 ca 
101 0 |a rus 
102 |a RU 
105 |a a z 001zy 
200 1 |a Качество и надежность средств электроизмерительной техники  |e сборник научных трудов  |f Всесоюзный научно-исследовательский институт электроизмерительных приборов (ВНИИЭП) ; под ред. В. Н. Иванова 
210 |a Ленинград  |c Изд-во ВНИИЭП  |d 1986 
215 |a 164 с.  |c ил. 
320 |a Библиография в конце статей 
606 1 |a Электроизмерительная техника  |2 stltpush  |3 (RuTPU)RU\TPU\subj\19986  |9 45133 
610 1 |a электроизмерительные приборы 
610 1 |a качество 
610 1 |a надежность 
610 1 |a расчеты 
610 1 |a помехоустойчивость 
610 1 |a метрология 
675 |a 621.317.7  |z rus  |v 3 
702 1 |a Иванов  |b В. Н.  |4 340 
712 0 2 |a Всесоюзный научно-исследовательский институт электроизмерительных приборов (ВНИИЭП)  |c (Ленинград)  |c (1952-1993)  |2 stltpush  |3 (RuTPU)RU\TPU\col\15660 
801 0 |a RU  |b RuMRKP  |c 19960705  |g psbo 
801 1 |a RU  |b 63413507  |c 20140731 
801 2 |a RU  |b 63413507  |c 20160704  |g RCR 
942 |c BK